<?xml version="1.0" encoding="UTF-8"?>
<record
    xmlns:xsi="http://www.w3.org/2001/XMLSchema-instance"
    xsi:schemaLocation="http://www.loc.gov/MARC21/slim http://www.loc.gov/standards/marcxml/schema/MARC21slim.xsd"
    xmlns="http://www.loc.gov/MARC21/slim">

  <leader>00692nam a22001337a 4500</leader>
  <datafield tag="040" ind1=" " ind2=" ">
    <subfield code="c">RUA</subfield>
  </datafield>
  <datafield tag="082" ind1=" " ind2=" ">
    <subfield code="a">AGR SUY B1-458 Or.</subfield>
  </datafield>
  <datafield tag="100" ind1=" " ind2=" ">
    <subfield code="a">SUY TANG Y,&#x179F;&#x17CA;&#x17BB;&#x1799; &#x178F;&#x17B6;&#x17C6;&#x1784;&#x17A2;&#x17CA;&#x17B8;</subfield>
  </datafield>
  <datafield tag="245" ind1=" " ind2=" ">
    <subfield code="a">COMPARISION OF DIFFERENT RATES OF CHICKEN MANUREON ON GROWTH AND YIELD OF CULLANTRO (Eryngium foetidum),&#x1794;&#x17D2;&#x179A;&#x17C0;&#x1794;&#x1792;&#x17C0;&#x1794;&#x179B;&#x17B6;&#x1798;&#x1780;&#x1798;&#x17B6;&#x1793;&#x17CB;&#x1780;&#x17D2;&#x1793;&#x17BB;&#x1784;&#x1780;&#x1798;&#x17D2;&#x179A;&#x17B7;&#x178F;&#x1781;&#x17BB;&#x179F;&#x1782;&#x17D2;&#x1793;&#x17B6;&#x1791;&#x17C5;&#x179B;&#x17BE;&#x1780;&#x17B6;&#x179A;&#x179B;&#x17BC;&#x178F;&#x179B;&#x17B6;&#x179F;&#x17CB; &#x1793;&#x17B7;&#x1784;&#x1791;&#x17B7;&#x1793;&#x17D2;&#x1793;&#x1795;&#x179B;&#x178A;&#x17C6;&#x178E;&#x17B6;&#x17C6;&#x1787;&#x17B8;&#x179A;&#x178E;&#x17B6;</subfield>
  </datafield>
  <datafield tag="260" ind1=" " ind2=" ">
    <subfield code="a">phnom penh</subfield>
    <subfield code="b">rua</subfield>
    <subfield code="c">2023</subfield>
  </datafield>
  <datafield tag="300" ind1=" " ind2=" ">
    <subfield code="a">ix.28p.</subfield>
    <subfield code="b">ill.</subfield>
    <subfield code="c">29cm.</subfield>
  </datafield>
  <datafield tag="856" ind1=" " ind2=" ">
    <subfield code="u">https://drive.google.com/file/d/19X3PLk2bMbC98nxLEqlV_Lg5DOZJdhUm/view?usp=sharing</subfield>
  </datafield>
  <datafield tag="942" ind1=" " ind2=" ">
    <subfield code="c">AGR</subfield>
  </datafield>
  <datafield tag="999" ind1=" " ind2=" ">
    <subfield code="c">23697</subfield>
    <subfield code="d">23697</subfield>
  </datafield>
  <datafield tag="952" ind1=" " ind2=" ">
    <subfield code="0">0</subfield>
    <subfield code="1">0</subfield>
    <subfield code="4">0</subfield>
    <subfield code="6">AGR_SUY_B1458_OR</subfield>
    <subfield code="7">0</subfield>
    <subfield code="9">101514</subfield>
    <subfield code="a">LBB</subfield>
    <subfield code="b">LBB</subfield>
    <subfield code="c">B1.458</subfield>
    <subfield code="d">2024-11-29</subfield>
    <subfield code="o">AGR SUY B1-458 Or.</subfield>
    <subfield code="p">a081551</subfield>
    <subfield code="r">2024-11-29</subfield>
    <subfield code="y">AGR</subfield>
  </datafield>
  <datafield tag="952" ind1=" " ind2=" ">
    <subfield code="0">0</subfield>
    <subfield code="1">0</subfield>
    <subfield code="4">0</subfield>
    <subfield code="6">AGR_SUY_B1458_OR</subfield>
    <subfield code="7">0</subfield>
    <subfield code="9">101515</subfield>
    <subfield code="a">LBB</subfield>
    <subfield code="b">LBB</subfield>
    <subfield code="c">B1.458</subfield>
    <subfield code="d">2024-11-29</subfield>
    <subfield code="o">AGR SUY B1-458 Or.</subfield>
    <subfield code="p">a082456</subfield>
    <subfield code="r">2024-11-29</subfield>
    <subfield code="y">AGR</subfield>
  </datafield>
  <datafield tag="952" ind1=" " ind2=" ">
    <subfield code="0">0</subfield>
    <subfield code="1">0</subfield>
    <subfield code="4">0</subfield>
    <subfield code="6">AGR_SUY_B1458_OR</subfield>
    <subfield code="7">0</subfield>
    <subfield code="9">101516</subfield>
    <subfield code="a">LBB</subfield>
    <subfield code="b">LBB</subfield>
    <subfield code="c">B1.458</subfield>
    <subfield code="d">2024-11-29</subfield>
    <subfield code="o">AGR SUY B1-458 Or.</subfield>
    <subfield code="p">a081363</subfield>
    <subfield code="r">2024-11-29</subfield>
    <subfield code="y">AGR</subfield>
  </datafield>
  <datafield tag="952" ind1=" " ind2=" ">
    <subfield code="0">0</subfield>
    <subfield code="1">0</subfield>
    <subfield code="4">0</subfield>
    <subfield code="6">AGR_SUY_B1458_OR</subfield>
    <subfield code="7">0</subfield>
    <subfield code="9">101517</subfield>
    <subfield code="a">LBB</subfield>
    <subfield code="b">LBB</subfield>
    <subfield code="c">B1.458</subfield>
    <subfield code="d">2024-11-29</subfield>
    <subfield code="o">AGR SUY B1-458 Or.</subfield>
    <subfield code="p">a082267</subfield>
    <subfield code="r">2024-11-29</subfield>
    <subfield code="y">AGR</subfield>
  </datafield>
</record>
